00881nam a22001817a 4500003000900000008004100009040007100050082001800121100001800139245004300157260003600200300002800236440004600264505033300310650001600643650001200659650002800671AR-CdUCM190304b ||||| |||| 00| 0 spa d aMUNICIPALIDAD PROVINCIAL DEL CUSCOcBIBLIOTECA MUNICIPAL DEL CUSCO a372.6 /bSM61 aSmith, Lee L. aLa realidad de la escuela sin grados / aBuenos Aires :bEstrada,c1974. a245 páginas ;c19 cm. aBiblioteca de ciencias de la educación. aContenido: Preparación para el paso al programa sin grados -- Reorganización del plan de estudios: del tradicional al sistema sin grados -- Formación de grupos para la instrucción sin grados -- Utilización de auxiliares del docente en nuestro programa sin grados -- Enseñanza en equipo. Un plan de cooperación ... aEducación aEscuela aPrograma de educación